ESC Grand Final Teilnehmer 2025 - Statistiken

Allgemein
  • Dieses Quiz wurde 237 mal gespielt
  • Das Durchschnittsergebnis liegt bei 45 aus 78
Antwortstatistiken
Tipp Land % Korrekt
16 Deutschland
96%
9 Österreich
94%
23 Schweden
91%
1 Norwegen
89%
19 Schweiz
89%
3 Estland
88%
24 Frankreich
88%
6 Spanien
88%
14 Italien
87%
13 Finnland
86%
10 Island
86%
4 Israel
84%
2 Luxemburg
84%
12 Niederlande
84%
Baller
83%
5 Litauen
83%
11 Lettland
82%
21 Portugal
81%
22 Dänemark
80%
15 Polen
80%
8 Vereinigtes Königreich
80%
26 Albanien
78%
25 San Marino
78%
7 Ukraine
78%
17 Griechenland
76%
JJ
76%
Wasted Love
72%
20 Malta
71%
Espresso machiato
70%
Tommy Cash
70%
18 Armenien
69%
Ich komme
69%
Abor & Tynna
64%
Lighter
64%
Bara bada bastu
59%
Maman
59%
Erika Vikman
57%
C’est la vie
56%
KAJ
56%
Voyage
54%
RÓA
53%
Zoë Më
52%
Serving
51%
New day will rise
49%
Tutta l’italia
49%
VÆB
49%
Claude
47%
Hallucination
47%
Laura Thorn
47%
Louane
46%
Sissal
46%
Survivor
45%
Bird of pray
43%
Remember monday
43%
What the hell just happened?
43%
Zjerm
42%
Esa diva
41%
Kyle Allesandro
41%
Ziferblat
41%
Gaja
39%
Melody
39%
Parg
35%
Gabry Ponte
34%
Asteromata
33%
Miriana Conte
33%
Klavdia
32%
Lucio Corsi
32%
Napa
30%
Yuval Raphael
30%
La poupée monte le son
29%
Deslocado
26%
Katarsis
26%
Tavo akys
26%
Bur man laimi
24%
Shkodra Elektronike
24%
Justyna Steczkowska
22%
Volevo essere un duro
21%
Tautumeitas
19%
Keine übereinstimmenden Quizze gefunden
Verteilung der Resultate
Anzahl Personen mit jedem Resultat
Perzentil nach korrekt beantworteten Fragen
Ihre Resultats-Entwicklung
Sie haben dieses Quiz noch nicht gespielt